|
|
|
|
| LEADER |
02984nam a2200409 a 4500 |
| 001 |
EBC3020974 |
| 003 |
MiAaPQ |
| 005 |
20200520144314.0 |
| 006 |
m o d | |
| 007 |
cr cn||||||||| |
| 008 |
090212s2009 nyua sb 001 0 eng d |
| 010 |
|
|
|z 2009006384
|
| 020 |
|
|
|z 9781607413752 (hardcover)
|
| 020 |
|
|
|z 1607413752 (hardcover)
|
| 020 |
|
|
|a 9781617285219 (electronic bk.)
|
| 035 |
|
|
|a (MiAaPQ)EBC3020974
|
| 035 |
|
|
|a (Au-PeEL)EBL3020974
|
| 035 |
|
|
|a (CaPaEBR)ebr10681112
|
| 035 |
|
|
|a (OCoLC)662453009
|
| 040 |
|
|
|a MiAaPQ
|c MiAaPQ
|d MiAaPQ
|
| 050 |
|
4 |
|a TD883.17
|b .I54 2009
|
| 082 |
0 |
4 |
|a 620.8
|2 22
|
| 245 |
0 |
0 |
|a Indoor work and living environments
|h [electronic resource] :
|b health, safety and performance /
|c Robert G. Harris and Daniel P. Moore, editors.
|
| 260 |
|
|
|a New York :
|b Nova Science Publishers,
|c c2009.
|
| 300 |
|
|
|a xii, 413 p. :
|b ill. (some col.)
|
| 504 |
|
|
|a Includes bibliographical references and index.
|
| 505 |
0 |
|
|a Indoor air quality in Greece / M. Santamouris, C. Halios, C. Mitsakou -- Evaluation of thermal comfort in indoor environments using computational fluid dynamics (CFD) / George M. Stavrakakis, Anastasios I. Stamou, Nicolas C. Markatos -- Ultra-fine particle and gaseous volatile organic compounds formations from the reactions of ozone and emitted compounds in indoor environments / Rhea B. Lamorena, Woojin Lee -- How good is the well-mixed assumption for particulate matter exposure? / Alvin C. K. Lai, C. L. Wu -- The role of carpet in sustainable design / Alan Hedge -- Indoor air quality, health and productivity / Alan Hedge -- Work and well-being: stress and health in the workplace / Kathi J. Lovelace -- Improving the ergonomics of the workplace to enhance productivity and safety / Maria Pia Cavotorta, Massimo DiPardo -- A brief guide to mold, moisture and your home / United States Environmental Protection Agency -- Indoor mold better coordination of research on health effects and more consistent guidance would improve federal efforts / United States Government Accountability Office -- Protect yourself from mold / Centers for Disease Control and Prevention -- Chemical hazard control in the work environment: determination of metals in welding fumes / M. C. Yebra-Biurrun, R. M. Cespon-Romero -- Analysis of the health consequences of aggressions inflicted on hospital professionals / Nicolas Combalbert, Agnes Thomas.
|
| 533 |
|
|
|a Electronic reproduction. Ann Arbor, MI : ProQuest, 2015. Available via World Wide Web. Access may be limited to ProQuest affiliated libraries.
|
| 650 |
|
0 |
|a Indoor air quality.
|
| 650 |
|
0 |
|a Indoor air pollution
|x Health aspects.
|
| 650 |
|
0 |
|a Human beings
|x Effect of environment on.
|
| 650 |
|
0 |
|a Work environment.
|
| 655 |
|
4 |
|a Electronic books.
|
| 700 |
1 |
|
|a Harris, Robert G.,
|d 1961-
|
| 700 |
1 |
|
|a Moore, Daniel P.,
|d 1962-
|
| 710 |
2 |
|
|a ProQuest (Firm)
|
| 856 |
4 |
0 |
|u https://ebookcentral.proquest.com/lib/matrademy/detail.action?docID=3020974
|z Click to View
|